| 000 | 00753 a2200277 4500 | ||
|---|---|---|---|
| 260 | _aParis | ||
| 630 | _a33 - Economie - Economie politique | ||
| 650 | _a3 - SCIENCES SOCIALES | ||
| 100 | _aBrayer, Gérard | ||
| 260 | _bLibrairie générale de droit et de jurisprudence | ||
| 245 | _aEurope-tiers monde Lomé, une nouvelle coopération douanière ? | ||
| 300 | _a718p | ||
| 650 | _aEurope : tiers-monde : douane : coopération | ||
| 260 | _c1989 | ||
| 300 | _b24cm | ||
| 100 | _lFr | ||
| 037 | _aDe 5912 | ||
| 440 | _aDroit et sociologie politique | ||
| 700 | _aGonidec, P. F. | ||
| 700 | _aDir., Bourgi, A. | ||
| 700 | _aPref., Chasle, Raymond | ||
| 440 | _x0523-493X | ||
| 020 | _a2-275-00888-8 | ||
| 999 |
_c44905 _d44905 |
||